[Event "9th NATO Chess Championship"]
[Site "Portsmouth"]
[Date "1998.10.06"]
[Round "3"]
[White "Wagenaar, Harm Theo"]
[Black "Maxia, Giuseppe"]
[Result "0-1"]
[WhiteElo "1877"]
[BlackElo "1900"]
[PlyCount "62"]
[EventDate "1998.10.??"]
[EventType "swiss"]
[EventRounds "7"]
[EventCountry "ENG"]
[SourceDate "2005.09.12"]

1. c4 Nf6 2. Nc3 e5 3. g3 c6 4. Nf3 d6 5. d4 exd4 6. Qxd4 Be7 7. Bg2 Na6 8. e4
O-O 9. O-O Be6 10. b3 Nb4 11. Qd2 a5 12. Bb2 Nd7 13. Ne2 Nc5 14. Nfd4 d5 15.
cxd5 cxd5 16. Nxe6 fxe6 17. exd5 Nxd5 18. Rad1 Nf6 19. Qe3 Qc7 20. Bh3 Kh8 21.
Bxe6 Rae8 22. Bc4 Nce4 23. Nd4 Bc5 24. Qc1 Ng4 25. f4 Nd6 26. Rfe1 Rxe1+ 27.
Rxe1 Nf5 28. Be6 Nxd4 29. Bxd4 Bxd4+ 30. Kg2 Ne3+ 31. Kf3 Qb6 0-1

[Event "9th NATO Chess Championship"]
[Site "Portsmouth"]
[Date "1998.10.06"]
[Round "3"]
[White "Wantiez, Fabrice"]
[Black "Van Zandwijk, Jan Peter"]
[Result "1/2-1/2"]
[WhiteElo "2299"]
[BlackElo "2048"]
[PlyCount "58"]
[EventDate "1998.10.??"]
[EventType "swiss"]
[EventRounds "7"]
[EventCountry "ENG"]
[SourceDate "2005.09.12"]

1. e4 Nf6 2. Nc3 e5 3. Nf3 Bb4 4. a3 Bxc3 5. dxc3 O-O 6. Bg5 d6 7. Qd3 Be6 8.
Nd2 Nbd7 9. f3 Qe7 10. Be2 Rfd8 11. O-O Nf8 12. f4 h6 13. Bxf6 Qxf6 14. fxe5
Qxe5 15. Nf3 Qc5+ 16. Nd4 Ng6 17. Kh1 Qg5 18. Nxe6 fxe6 19. Qc4 Qe7 20. Qb3 Ne5
21. Rf2 b6 22. Bc4 Nxc4 23. Qxc4 Rf8 24. Raf1 Rxf2 25. Rxf2 Rf8 26. Rxf8+ Kxf8
27. Qa6 c5 28. h3 Kg8 29. Qe2 Qg5 1/2-1/2

[Event "9th NATO Chess Championship"]
[Site "Portsmouth"]
[Date "1998.10.07"]
[Round "4"]
[White "Baudin, Frederic"]
[Black "Dunlop, Chris"]
[Result "0-1"]
[WhiteElo "2205"]
[BlackElo "1952"]
[PlyCount "88"]
[EventDate "1998.10.??"]
[EventType "swiss"]
[EventRounds "7"]
[EventCountry "ENG"]
[SourceDate "2005.09.12"]

1. e4 c5 2. c3 Nf6 3. e5 Nd5 4. d4 cxd4 5. cxd4 e6 6. Nf3 b6 7. Nc3 Nxc3 8.
bxc3 Qc7 9. Bd2 Be7 10. Bd3 Ba6 11. Bxa6 Nxa6 12. O-O Rc8 13. c4 O-O 14. Rc1 d6
15. Bf4 Rfd8 16. Qa4 Qb7 17. exd6 Bxd6 18. Bxd6 Rxd6 19. h3 Nb8 20. Rfe1 Qd7
21. Qxd7 Nxd7 22. Kf1 Rdc6 23. Nd2 Kf8 24. g3 h6 25. h4 h5 26. Kg2 b5 27. c5 e5
28. dxe5 Rxc5 29. Rxc5 Rxc5 30. Nf3 Rc2 31. Rb1 a6 32. a4 bxa4 33. Rb7 Ke8 34.
Nd4 Rd2 35. Nf5 a3 36. Rc7 Kd8 37. Rc6 Nxe5 38. Rxa6 Ng4 39. Nd6 Rxf2+ 40. Kg1
a2 41. Nxf7+ Ke7 42. Ne5 Rb2 43. Ra7+ Ke6 44. Nxg4 hxg4 0-1

[Event "9th NATO Chess Championship"]
[Site "Portsmouth"]
[Date "1998.10.07"]
[Round "4"]
[White "Brameld, Arthur"]
[Black "Nielsen, K."]
[Result "1-0"]
[WhiteElo "2115"]
[BlackElo "1925"]
[PlyCount "45"]
[EventDate "1998.10.??"]
[EventType "swiss"]
[EventRounds "7"]
[EventCountry "ENG"]
[SourceDate "2005.09.12"]

1. e4 c6 2. d4 d5 3. f3 dxe4 4. fxe4 e5 5. Nf3 Bg4 6. Bc4 Qe7 7. O-O Nd7 8. c3
Nb6 9. Bb3 O-O-O 10. Qe1 Bxf3 11. Rxf3 Nf6 12. Bg5 h6 13. Bh4 g5 14. dxe5 gxh4
15. exf6 Qc5+ 16. Kh1 Rd7 17. Na3 Qg5 18. Rf5 Qd2 19. Qxd2 Rxd2 20. Bxf7 Rxb2
21. Nc4 Nxc4 22. Bxc4 h3 23. gxh3 1-0

[Event "9th NATO Chess Championship"]
[Site "Portsmouth"]
[Date "1998.10.07"]
[Round "4"]
[White "Cadiou, Jacques"]
[Black "Foulds, Andrew"]
[Result "1-0"]
[WhiteElo "1970"]
[BlackElo "1760"]
[PlyCount "60"]
[EventDate "1998.10.??"]
[EventType "swiss"]
[EventRounds "7"]
[EventCountry "ENG"]
[SourceDate "2005.09.12"]

1. d4 d5 2. c4 e6 3. Nc3 Nf6 4. cxd5 exd5 5. Bg5 Nbd7 6. e3 c6 7. Bd3 Qa5 8.
Qc2 Bb4 9. Nge2 O-O 10. O-O h6 11. Bh4 Be7 12. Rad1 Re8 13. Rfe1 Qd8 14. f3 Nf8
15. Qc1 Bd7 16. Bb1 Qc8 17. Bxf6 Bxf6 18. Ng3 Bg5 19. Kf2 f5 20. Qc2 Bh4 21.
Nce2 Qc7 22. Nf4 g5 23. Nd3 f4 24. Ne5 fxg3+ 25. hxg3 Bxg3+ 26. Kxg3 Qd6 27.
Kf2 Re7 28. Rh1 Rae8 29. Rh5 Kg7 30. Rdh1 Re6 1-0

[Event "9th NATO Chess Championship"]
[Site "Portsmouth"]
[Date "1998.10.07"]
[Round "4"]
[White "Cappon, Kaan"]
[Black "Costales, Charles"]
[Result "0-1"]
[WhiteElo "1690"]
[BlackElo "1890"]
[PlyCount "56"]
[EventDate "1998.10.??"]
[EventType "swiss"]
[EventRounds "7"]
[EventCountry "ENG"]
[SourceDate "2005.09.12"]

1. e4 e6 2. d4 d5 3. Nd2 c5 4. Ngf3 cxd4 5. Nxd4 Bc5 6. Bb5+ Bd7 7. Bxd7+ Nxd7
8. N2b3 dxe4 9. O-O Be7 10. Qg4 Nc5 11. Rd1 h5 12. Qe2 Qb6 13. Be3 Nf6 14. c3
O-O 15. Bg5 Ncd7 16. Nd2 e3 17. fxe3 Qxb2 18. Rac1 Qxa2 19. Rc2 Qa5 20. h4 Rfc8
21. Qd3 a6 22. e4 Ne5 23. Qg3 Neg4 24. Kh1 Bd8 25. Rf1 Bc7 26. Qe1 Be5 27. N2f3
Rc4 28. Nxe5 Qxe5 0-1

[Event "9th NATO Chess Championship"]
[Site "Portsmouth"]
[Date "1998.10.07"]
[Round "4"]
[White "Engelen, Johan"]
[Black "Plumanns, Dieter"]
[Result "1-0"]
[WhiteElo "1847"]
[BlackElo "2206"]
[PlyCount "177"]
[EventDate "1998.10.??"]
[EventType "swiss"]
[EventRounds "7"]
[EventCountry "ENG"]
[SourceDate "2005.09.12"]

1. e4 c6 2. d4 d5 3. e5 Bf5 4. Nc3 e6 5. Nf3 c5 6. Be3 Nd7 7. Bb5 c4 8. O-O Rc8
9. Bxd7+ Kxd7 10. Ne2 h6 11. Ng3 Bh7 12. Ne1 Ne7 13. c3 Qa5 14. Bd2 Nf5 15.
Nxf5 exf5 16. f4 Be7 17. Nc2 Bg6 18. Ne3 h5 19. b4 Qb5 20. a4 Qc6 21. b5 Qe6
22. Qf3 h4 23. Qxd5+ Qxd5 24. Nxd5 Bh5 25. Rf2 Rhd8 26. Ne3 Ke6 27. Bc1 h3 28.
g3 Rd5 29. Ba3 Bd8 30. Bb4 g6 31. Kf1 Bb6 32. Nc2 Rd7 33. Re1 Rd5 34. Re3 Rd7
35. Rd2 Rd5 36. Kf2 Rg8 37. Re1 g5 38. Ne3 gxf4 39. gxf4 Bd8 40. Rg1 Bh4+ 41.
Kf1 Rc8 42. Bd6 a6 43. bxa6 bxa6 44. Rg7 Bg6 45. Rb2 Rxd6 46. exd6 Bf6 47. Rxg6
fxg6 48. Rb6 Kd7 49. Rxa6 Bh4 50. Ra7+ Ke6 51. Rh7 g5 52. d7 Rb8 53. d8=Q Rxd8
54. Rh6+ Kd7 55. Nxf5 Rf8 56. Rd6+ Kc7 57. Rd5 Rh8 58. Nxh4 Rxh4 59. Rxg5 Rxf4+
60. Ke2 Re4+ 61. Kf3 Re1 62. Rg3 Ra1 63. Rxh3 Rxa4 64. Rh5 Kd6 65. Rc5 Ke6 66.
Kf4 Kf6 67. Rc6+ Ke7 68. h4 Kd7 69. Rc5 Ke6 70. h5 Ra1 71. Rxc4 Rf1+ 72. Ke4
Rh1 73. Rc5 Rh3 74. h6 Kd7 75. Ra5 Rxh6 76. Ra7+ Kc8 77. d5 Rh1 78. c4 Re1+ 79.
Kd4 Rd1+ 80. Kc5 Rc1 81. d6 Rd1 82. Kc6 Kb8 83. Rh7 Rd4 84. c5 Rg4 85. Rh8+ Ka7
86. d7 Rg6+ 87. Kb5 Rb6+ 88. cxb6+ Kb7 89. Rb8+ 1-0

[Event "9th NATO Chess Championship"]
[Site "Portsmouth"]
[Date "1998.10.07"]
[Round "4"]
[White "Falbo, Sandro"]
[Black "Horchner, Mark"]
[Result "1/2-1/2"]
[WhiteElo "2100"]
[BlackElo "2022"]
[PlyCount "78"]
[EventDate "1998.10.??"]
[EventType "swiss"]
[EventRounds "7"]
[EventCountry "ENG"]
[SourceDate "2005.09.12"]

1. e4 c5 2. Nf3 Nc6 3. Bb5 e6 4. O-O Nge7 5. Re1 Nd4 6. Bf1 Nxf3+ 7. Qxf3 Ng6
8. c3 Be7 9. d4 O-O 10. Qd3 b6 11. g3 Bb7 12. Bg2 d6 13. Be3 Qc7 14. h4 Rfd8
15. Nd2 e5 16. d5 Rab8 17. Bh3 Nf8 18. Nf3 Bc8 19. Bxc8 Qxc8 20. Kg2 Nd7 21. c4
b5 22. Nd2 a6 23. f3 b4 24. Rh1 a5 25. Rag1 Rb7 26. g4 Bf8 27. Nf1 Rc7 28. Ng3
Qa6 29. h5 Nb6 30. Rc1 Rb8 31. Nf5 Qc8 32. Kf2 Na4 33. Qd2 Qa6 34. Kg3 Qc8 35.
g5 g6 36. hxg6 fxg6 37. Nh6+ Bxh6 38. Rxh6 Rf7 39. Rf1 Nb6 1/2-1/2

[Event "9th NATO Chess Championship"]
[Site "Portsmouth"]
[Date "1998.10.07"]
[Round "4"]
[White "Geddis, Dick"]
[Black "Vercauteren, Daniel"]
[Result "1-0"]
[WhiteElo "1885"]
[BlackElo "1690"]
[PlyCount "53"]
[EventDate "1998.10.??"]
[EventType "swiss"]
[EventRounds "7"]
[EventCountry "ENG"]
[SourceDate "2005.09.12"]

1. e4 c5 2. Nf3 d6 3. d4 cxd4 4. Nxd4 Nf6 5. Nc3 a6 6. Bc4 g6 7. Bb3 Bg7 8. f3
O-O 9. Be3 Nc6 10. Qd2 Qc7 11. O-O-O Bd7 12. h4 Na5 13. Kb1 Rfc8 14. h5 Nxb3
15. axb3 a5 16. hxg6 fxg6 17. Bg5 a4 18. bxa4 Bxa4 19. Ne6 Qa5 20. Nxg7 Bb5 21.
Kc1 Qa1+ 22. Nb1 Ra2 23. Bxf6 Ba4 24. Qd5+ Kf8 25. Bxe7+ Kxg7 26. Rxh7+ Kxh7
27. Qf7+ 1-0

[Event "9th NATO Chess Championship"]
[Site "Portsmouth"]
[Date "1998.10.07"]
[Round "4"]
[White "Gross"]
[Black "Wantiez, Fabrice"]
[Result "1/2-1/2"]
[WhiteElo "2340"]
[BlackElo "2299"]
[PlyCount "71"]
[EventDate "1998.10.??"]
[EventType "swiss"]
[EventRounds "7"]
[EventCountry "ENG"]
[SourceDate "2005.09.12"]

1. e4 e5 2. Nf3 Nc6 3. Bb5 a6 4. Ba4 Nf6 5. O-O Be7 6. Re1 b5 7. Bb3 d6 8. a4
Bb7 9. d3 O-O 10. Nc3 Na5 11. Ba2 b4 12. Ne2 d5 13. exd5 Bxd5 14. Bxd5 Qxd5 15.
Bg5 h6 16. Bxf6 Bxf6 17. Ng3 Rad8 18. Nh5 b3 19. Nxf6+ gxf6 20. Nh4 e4 21. c4
Nxc4 22. dxc4 Qg5 23. Qxb3 Qxh4 24. Rad1 f5 25. Qc3 Qg4 26. Rd4 Qg7 27. Red1
Rxd4 28. Rxd4 Rb8 29. g3 Qf6 30. c5 Rb3 31. Qxb3 Qxd4 32. Qb8+ Kg7 33. Qxc7
Qd1+ 34. Kg2 Qf3+ 35. Kg1 Qd1+ 36. Kg2 1/2-1/2

[Event "9th NATO Chess Championship"]
[Site "Portsmouth"]
[Date "1998.10.07"]
[Round "4"]
[White "Hamann, Carsten"]
[Black "Toumaniantz, Rouslan"]
[Result "1/2-1/2"]
[WhiteElo "2148"]
[BlackElo "2090"]
[PlyCount "61"]
[EventDate "1998.10.??"]
[EventType "swiss"]
[EventRounds "7"]
[EventCountry "ENG"]
[SourceDate "2005.09.12"]

1. e4 c6 2. d4 d5 3. Nc3 dxe4 4. Nxe4 Nd7 5. Ng5 Ngf6 6. Bd3 h6 7. Ne6 Qb6 8.
Nxf8 Nxf8 9. c3 Bg4 10. Qb3 Qxb3 11. axb3 Bh5 12. Nh3 Bg6 13. Be2 Ne6 14. Nf4
Nxf4 15. Bxf4 O-O 16. O-O a6 17. Ra5 Rfd8 18. Re1 Bc2 19. b4 Nd5 20. Bg3 Rd7
21. b5 cxb5 22. Bxb5 Rdd8 23. Bc4 e6 24. f3 Rac8 25. Rc5 Ba4 26. Rxc8 Rxc8 27.
Bd3 Bb3 28. Ra1 Bc4 29. Be4 Rc6 30. Ra4 f5 31. Bxd5 1/2-1/2

[Event "9th NATO Chess Championship"]
[Site "Portsmouth"]
[Date "1998.10.07"]
[Round "4"]
[White "Hater, David"]
[Black "Crapulli, Giuseppe"]
[Result "1/2-1/2"]
[WhiteElo "2050"]
[BlackElo "1900"]
[PlyCount "44"]
[EventDate "1998.10.??"]
[EventType "swiss"]
[EventRounds "7"]
[EventCountry "ENG"]
[SourceDate "2005.09.12"]

1. e4 c5 2. Nf3 e6 3. d4 cxd4 4. Nxd4 a6 5. Bd3 Ne7 6. O-O Nbc6 7. Nxc6 Nxc6 8.
c4 Be7 9. Nc3 O-O 10. b3 d6 11. Bb2 Bd7 12. Rc1 Rb8 13. f4 Bf6 14. Bb1 Qe7 15.
Qd3 Bd4+ 16. Kh1 g6 17. Nd1 Bxb2 18. Nxb2 Rfd8 19. f5 exf5 20. exf5 Bxf5 21.
Rxf5 gxf5 22. Qxf5 f6 1/2-1/2

[Event "9th NATO Chess Championship"]
[Site "Portsmouth"]
[Date "1998.10.07"]
[Round "4"]
[White "Hortillosa, Andres"]
[Black "De Cat, Ben"]
[Result "1/2-1/2"]
[WhiteElo "1923"]
[BlackElo "2075"]
[PlyCount "56"]
[EventDate "1998.10.??"]
[EventType "swiss"]
[EventRounds "7"]
[EventCountry "ENG"]
[SourceDate "2005.09.12"]

1. d4 h6 2. e4 g5 3. Nc3 Bg7 4. Be3 c6 5. Qd2 d6 6. h4 g4 7. f4 Nf6 8. h5 d5 9.
Bd3 dxe4 10. Nxe4 Nxe4 11. Bxe4 Nd7 12. Ne2 Nf6 13. Bd3 Be6 14. f5 Bd5 15. Ng3
b5 16. b3 Qc7 17. Bf4 Qb6 18. Be3 b4 19. a3 c5 20. dxc5 Qc7 21. Kf2 Rd8 22.
Rhd1 bxa3 23. Rxa3 Nxh5 24. Nxh5 Bb2 25. Ng3 Bxa3 26. Bb5+ Kf8 27. Bxh6+ Rxh6
28. Qxh6+ Kg8 1/2-1/2

[Event "9th NATO Chess Championship"]
[Site "Portsmouth"]
[Date "1998.10.07"]
[Round "4"]
[White "Ludden, Gert Jan"]
[Black "Geberl, Hans Walter"]
[Result "1-0"]
[WhiteElo "2224"]
[BlackElo "2100"]
[PlyCount "71"]
[EventDate "1998.10.??"]
[EventType "swiss"]
[EventRounds "7"]
[EventCountry "ENG"]
[SourceDate "2005.09.12"]

1. d4 d5 2. Nf3 Bf5 3. g3 e6 4. Bg2 c6 5. O-O Bd6 6. c4 Bxb1 7. Rxb1 Nd7 8. e4
dxe4 9. Ng5 Ngf6 10. Nxe4 Nxe4 11. Bxe4 O-O 12. b4 Rc8 13. b5 cxb5 14. c5 Be7
15. Bxb7 Qa5 16. Bd2 Qxa2 17. Bxc8 Rxc8 18. Rxb5 Nf6 19. Ra5 Qc4 20. Rxa7 Nd5
21. Be3 h6 22. Qf3 Bf6 23. Rfa1 Qb5 24. Ra8 Qe8 25. Rxc8 Qxc8 26. Qe2 Ne7 27.
Qa6 Qd7 28. Qa8+ Kh7 29. Qe4+ g6 30. Rc1 Nc6 31. Rd1 Nb4 32. h4 Nd5 33. Rc1 Qc6
34. h5 Kg7 35. hxg6 fxg6 36. Ra1 1-0

[Event "9th NATO Chess Championship"]
[Site "Portsmouth"]
[Date "1998.10.07"]
[Round "4"]
[White "Maxia, Giuseppe"]
[Black "Lebel, Patrick"]
[Result "1-0"]
[WhiteElo "1900"]
[BlackElo "2165"]
[PlyCount "57"]
[EventDate "1998.10.??"]
[EventType "swiss"]
[EventRounds "7"]
[EventCountry "ENG"]
[SourceDate "2005.09.12"]

1. e4 Nf6 2. Nc3 Nc6 3. d4 d5 4. e5 Ng8 5. Be2 Bf5 6. g4 Bg6 7. f4 e6 8. h4 h5
9. f5 exf5 10. gxh5 Bh7 11. Bf4 Bb4 12. Nf3 Qd7 13. Qd3 Nd8 14. Ng5 Ne6 15.
Nxe6 fxe6 16. O-O-O O-O-O 17. Rhg1 Bf8 18. Rg3 Ne7 19. Qd2 Bg8 20. Bg5 Bf7 21.
Nb5 a6 22. Bxe7 Qxe7 23. Qa5 Kb8 24. Rb3 Bxh5 25. Na7 Kxa7 26. Rxb7+ Kxb7 27.
Bxa6+ Ka7 28. Bb5+ Kb7 29. Qa6+ 1-0

[Event "9th NATO Chess Championship"]
[Site "Portsmouth"]
[Date "1998.10.07"]
[Round "4"]
[White "McAleer, Jeffrey"]
[Black "Wagenaar, Harm Theo"]
[Result "1/2-1/2"]
[WhiteElo "1900"]
[BlackElo "1877"]
[PlyCount "108"]
[EventDate "1998.10.??"]
[EventType "swiss"]
[EventRounds "7"]
[EventCountry "ENG"]
[SourceDate "2005.09.12"]

1. e4 d5 2. exd5 Qxd5 3. Nc3 Qa5 4. d4 Nf6 5. Nf3 Bf5 6. Bc4 e6 7. Bd2 c6 8.
O-O Bb4 9. a3 Bxc3 10. Bxc3 Qc7 11. Bd3 Bxd3 12. Qxd3 Nbd7 13. Bd2 O-O 14. c4
Rfd8 15. Qe2 c5 16. Bc3 Rac8 17. Rac1 b6 18. Rfd1 Qf4 19. dxc5 Nxc5 20. Bxf6
Qxf6 21. Qc2 Qe7 22. b4 Nd7 23. h3 Nf6 24. Rxd8+ Rxd8 25. c5 Rc8 26. Qc4 h6 27.
Qa6 Rc7 28. Qb5 Ne4 29. Rc4 Nf6 30. cxb6 axb6 31. Rxc7 Qxc7 32. a4 Nd5 33. g3
Kh7 34. Kg2 f6 35. Qd3+ Kg8 36. Qb5 Kf7 37. a5 bxa5 38. bxa5 Ke7 39. Nd4 g6 40.
Qa6 Qd7 41. Qa8 Nb4 42. Nf3 Qb5 43. Qe4 Qxa5 44. Qxg6 Nd5 45. Qxh6 Qa4 46. Qg6
Qc4 47. Qg7+ Ke8 48. Qh6 Qe4 49. h4 Kf7 50. Qd2 Ke7 51. h5 Qh7 52. h6 Kf7 53.
Nh4 Ne7 54. g4 Ng8 1/2-1/2

[Event "9th NATO Chess Championship"]
[Site "Portsmouth"]
[Date "1998.10.07"]
[Round "4"]
[White "McInnes, Neil"]
[Black "Parnet, Arnaud"]
[Result "1/2-1/2"]
[WhiteElo "1887"]
[BlackElo "1990"]
[PlyCount "64"]
[EventDate "1998.10.??"]
[EventType "swiss"]
[EventRounds "7"]
[EventCountry "ENG"]
[SourceDate "2005.09.12"]

1. d4 Nf6 2. c4 e6 3. Nf3 b6 4. Nc3 Bb7 5. Bg5 Be7 6. e3 O-O 7. Bd3 h6 8. Bh4
d6 9. Rc1 Nbd7 10. O-O Ne8 11. Bxe7 Qxe7 12. d5 Nc5 13. Bb1 e5 14. b4 Nd7 15.
Qc2 f5 16. e4 f4 17. g3 g5 18. Kh1 Bc8 19. Ng1 Qf7 20. f3 fxg3 21. hxg3 Qh5+
22. Qh2 Qxh2+ 23. Kxh2 a5 24. b5 Nc5 25. Nge2 Nf6 26. Kg2 Bd7 27. Rf2 Rf7 28.
Bc2 Raf8 29. Rcf1 Kg7 30. Na4 Nxa4 31. Bxa4 Kg8 32. Bd1 Kg7 1/2-1/2

[Event "9th NATO Chess Championship"]
[Site "Portsmouth"]
[Date "1998.10.07"]
[Round "4"]
[White "Molin, Fabio"]
[Black "Van Diermen, Henk"]
[Result "1/2-1/2"]
[WhiteElo "1800"]
[BlackElo "1760"]
[PlyCount "42"]
[EventDate "1998.10.??"]
[EventType "swiss"]
[EventRounds "7"]
[EventCountry "ENG"]
[SourceDate "2005.09.12"]

1. e4 c5 2. Nf3 d6 3. d4 cxd4 4. Nxd4 Nf6 5. Nc3 g6 6. Bc4 Bg7 7. O-O Nc6 8.
Nxc6 bxc6 9. e5 Ng8 10. exd6 Qxd6 11. Qf3 Nf6 12. Nb5 cxb5 13. Bxb5+ Nd7 14.
Qxa8 O-O 15. Qxa7 Ne5 16. Be3 Ng4 17. g3 Qd5 18. Ba6 Ne5 19. Rad1 Nf3+ 20. Kh1
Nd2+ 21. Kg1 Nf3+ 1/2-1/2

[Event "9th NATO Chess Championship"]
[Site "Portsmouth"]
[Date "1998.10.07"]
[Round "4"]
[White "Nielsen, Henrik"]
[Black "Charles, Freddy"]
[Result "1/2-1/2"]
[WhiteElo "2095"]
[BlackElo "1789"]
[PlyCount "71"]
[EventDate "1998.10.??"]
[EventType "swiss"]
[EventRounds "7"]
[EventCountry "ENG"]
[SourceDate "2005.09.12"]

1. d4 d5 2. Nf3 c6 3. Bf4 Nf6 4. e3 Bf5 5. Bd3 Bxd3 6. Qxd3 e6 7. Nbd2 Qb6 8.
O-O Nbd7 9. c4 Nh5 10. c5 Nxf4 11. exf4 Qc7 12. g3 Be7 13. b4 O-O 14. Rfe1 g6
15. Qe3 a5 16. a3 Ra6 17. Nb3 axb4 18. axb4 Rfa8 19. Rxa6 bxa6 20. Ra1 Qb7 21.
Na5 Qb5 22. Ne1 Bd8 23. Nd3 Bc7 24. Kg2 Re8 25. Qd2 f6 26. Nb3 e5 27. fxe5 fxe5
28. dxe5 Qc4 29. Rb1 Nxe5 30. Nxe5 Rxe5 31. Rb2 Qe4+ 32. f3 Qc4 33. Nd4 Re8 34.
Nxc6 d4 35. Rc2 Qd5 36. b5 1/2-1/2

[Event "9th NATO Chess Championship"]
[Site "Portsmouth"]
[Date "1998.10.07"]
[Round "4"]
[White "Nielsen, Jan Mose"]
[Black "Koopmeiners, Karl"]
[Result "0-1"]
[WhiteElo "2065"]
[BlackElo "1913"]
[PlyCount "36"]
[EventDate "1998.10.??"]
[EventType "swiss"]
[EventRounds "7"]
[EventCountry "ENG"]
[SourceDate "2005.09.12"]

1. d4 d5 2. Bf4 Nf6 3. e3 Bf5 4. Be2 e6 5. Nd2 c5 6. Bxb8 Rxb8 7. c3 a6 8. h4
cxd4 9. exd4 Bd6 10. g4 Be4 11. f3 Bg3+ 12. Kf1 Nxg4 13. fxg4 Bxh1 14. Qa4+ Kf8
15. Bf3 Qxh4 16. Bxh1 Qxh1 17. Ndf3 h5 18. Qd7 hxg4 0-1

[Event "9th NATO Chess Championship"]
[Site "Portsmouth"]
[Date "1998.10.07"]
[Round "4"]
[White "Nielsen, Niels Kristian"]
[Black "Schunke, (GER)."]
[Result "1/2-1/2"]
[WhiteElo "1899"]
[BlackElo "2035"]
[PlyCount "38"]
[EventDate "1998.10.??"]
[EventType "swiss"]
[EventRounds "7"]
[EventCountry "ENG"]
[SourceDate "2005.09.12"]

1. d4 Nf6 2. c4 g6 3. Nf3 Bg7 4. g3 O-O 5. Bg2 c6 6. O-O d5 7. b3 Qb6 8. Nc3
Na6 9. Bf4 Ne4 10. Rc1 Nxc3 11. Rxc3 c5 12. e3 cxd4 13. exd4 Qa5 14. Qd2 dxc4
15. bxc4 Rd8 16. Rb1 Nc7 17. Rd3 Qxd2 18. Rxd2 Ne6 19. Be3 Bf6 1/2-1/2

[Event "9th NATO Chess Championship"]
[Site "Portsmouth"]
[Date "1998.10.07"]
[Round "4"]
[White "Schmidt, (DEN)."]
[Black "Donati, Roberto"]
[Result "1/2-1/2"]
[WhiteElo "2043"]
[BlackElo "2194"]
[PlyCount "27"]
[EventDate "1998.10.??"]
[EventType "swiss"]
[EventRounds "7"]
[EventCountry "ENG"]
[SourceDate "2005.09.12"]

1. e4 e6 2. d4 d5 3. Nd2 c5 4. exd5 exd5 5. Ngf3 Bd6 6. Bb5+ Bd7 7. Bxd7+ Nxd7
8. O-O Ne7 9. dxc5 Nxc5 10. Nb3 Nxb3 11. axb3 O-O 12. Be3 a6 13. Ra4 Rc8 14. c3
1/2-1/2

[Event "9th NATO Chess Championship"]
[Site "Portsmouth"]
[Date "1998.10.07"]
[Round "4"]
[White "Stuhr, Finn"]
[Black "Brokenshire, Laurie"]
[Result "0-1"]
[WhiteElo "1687"]
[BlackElo "1800"]
[PlyCount "86"]
[EventDate "1998.10.??"]
[EventType "swiss"]
[EventRounds "7"]
[EventCountry "ENG"]
[SourceDate "2005.09.12"]

1. e4 d5 2. exd5 Qxd5 3. Nc3 Qa5 4. d4 Nf6 5. Bd2 c6 6. Ne4 Qb6 7. Nxf6+ exf6
8. Bc3 Be6 9. Ne2 Bd6 10. Qd2 O-O 11. b3 Na6 12. Ng3 Rfe8 13. O-O-O Nb4 14. Kb2
a5 15. Ne4 Be7 16. h4 Bf5 17. f3 a4 18. a3 Nd5 19. b4 Nxc3 20. Nxc3 Red8 21. d5
c5 22. b5 Bd6 23. Ne4 Be5+ 24. c3 Bd7 25. Kc2 f5 26. Nf2 c4 27. Bxc4 Qc5 28.
Nd3 Qxc4 29. Nxe5 Qb3+ 30. Kc1 Rac8 31. c4 f6 32. Nc6 bxc6 33. dxc6 Qxc4+ 34.
Kb1 Qxb5+ 35. Ka1 Qe5+ 36. Qb2 Qxb2+ 37. Kxb2 Bxc6 38. Rc1 Rd2+ 39. Kc3 Rxg2
40. Kb4 Rb2+ 41. Kc3 Rb3+ 42. Kd2 Rd8+ 43. Ke2 Bxf3+ 0-1

[Event "9th NATO Chess Championship"]
[Site "Portsmouth"]
[Date "1998.10.07"]
[Round "4"]
[White "Tia, Rudy G"]
[Black "Hammond, Andrew JC"]
[Result "0-1"]
[WhiteElo "2055"]
[BlackElo "2280"]
[PlyCount "102"]
[EventDate "1998.10.??"]
[EventType "swiss"]
[EventRounds "7"]
[EventCountry "ENG"]
[SourceDate "2005.09.12"]

1. Nf3 Nf6 2. g3 d5 3. Bg2 c5 4. d3 Nc6 5. Nbd2 e5 6. e4 Be7 7. O-O O-O 8. Re1
d4 9. Nc4 Qc7 10. a4 Bg4 11. h3 Bxf3 12. Bxf3 b6 13. Bg2 a6 14. f4 Nd7 15. f5
Rab8 16. Bd2 Nb4 17. Bf1 b5 18. axb5 axb5 19. Na3 Kh8 20. Be2 Qc6 21. Qb1 g6
22. Rf1 Rg8 23. Kh2 c4 24. Qe1 cxd3 25. cxd3 Na6 26. Rc1 Qd6 27. Bd1 Ndc5 28.
Qe2 gxf5 29. Rxf5 Qg6 30. g4 Ne6 31. Rc6 Nb4 32. Bxb4 Bxb4 33. Qf1 Bd2 34. Rxf7
Rbc8 35. Rxc8 Rxc8 36. Qf6+ Qxf6 37. Rxf6 Nf4 38. Nxb5 Nxd3 39. Nd6 Rb8 40. b3
Bf4+ 41. Kg2 Ra8 42. Nf5 h6 43. Be2 Ra2 44. Kf3 Ne1+ 45. Kf2 d3 46. Rf8+ Kh7
47. Nd4 exd4 48. Rxf4 Rxe2+ 49. Kf1 Nc2 50. Rf3 Ne3+ 51. Kg1 d2 0-1

[Event "9th NATO Chess Championship"]
[Site "Portsmouth"]
[Date "1998.10.07"]
[Round "4"]
[White "Toll, Alec J"]
[Black "Steffers, Hendrik"]
[Result "0-1"]
[WhiteElo "2100"]
[BlackElo "1864"]
[PlyCount "54"]
[EventDate "1998.10.??"]
[EventType "swiss"]
[EventRounds "7"]
[EventCountry "ENG"]
[SourceDate "2005.09.12"]

1. Nc3 d5 2. e4 dxe4 3. Nxe4 e5 4. Bc4 h6 5. Bxf7+ Kxf7 6. Qh5+ g6 7. Qxe5 Bg7
8. Qf4+ Nf6 9. Nf3 Re8 10. Ne5+ Kg8 11. d4 Bf5 12. Nxf6+ Qxf6 13. Be3 Nc6 14.
g4 Bxc2 15. Qxf6 Bxf6 16. Nxc6 bxc6 17. Rc1 Be4 18. O-O Kg7 19. b3 Bd5 20. h3
Re4 21. Rfd1 Be7 22. Rd3 Bd6 23. f3 Re7 24. Re1 Rae8 25. Kf2 Rf8 26. Bd2 Ref7
27. Ree3 Bf4 0-1

[Event "9th NATO Chess Championship"]
[Site "Portsmouth"]
[Date "1998.10.07"]
[Round "4"]
[White "Van Zandwijk, Jan Peter"]
[Black "Grund"]
[Result "1/2-1/2"]
[WhiteElo "2048"]
[BlackElo "2340"]
[PlyCount "81"]
[EventDate "1998.10.??"]
[EventType "swiss"]
[EventRounds "7"]
[EventCountry "ENG"]
[SourceDate "2005.09.12"]

1. e4 c6 2. d4 d5 3. exd5 cxd5 4. Bd3 Nf6 5. c3 Bg4 6. Nf3 e6 7. O-O Nc6 8. Re1
Qc7 9. Nbd2 Be7 10. Nf1 O-O 11. Ng3 a6 12. h3 Bxf3 13. Qxf3 b5 14. Bf4 Qb6 15.
a3 a5 16. Bg5 Rfb8 17. Re3 Qd8 18. Rae1 b4 19. axb4 axb4 20. Qe2 bxc3 21. bxc3
Ra3 22. Bxf6 Bxf6 23. Nh5 Bg5 24. Rxe6 fxe6 25. Qxe6+ Kh8 26. Qxc6 Bd2 27. Re5
Rxc3 28. Qa6 Rc1+ 29. Kh2 Ba5 30. Qe6 Bc7 31. f4 Bxe5 32. fxe5 Qf8 33. Qxd5
Rbc8 34. Qe4 g6 35. Nf6 Qh6 36. d5 Qd2 37. Qh4 h6 38. Ne4 Qe3 39. Qf6+ Kh7 40.
Qf7+ Kh8 41. Qf6+ 1/2-1/2